000 00871nmm a2200313 a 4500
003 AR-BaBNM
005 20251128202647.0
008 145020s2003 ||||||||||||||000 | spa||
020 _a987-95358-2-0
040 _cAR-BaBNM
100 1 _aFasano, Héctor L.
_d1853-1919
245 1 0 _aPerito Francisco Pascasio Moreno
_bun héroe civil
250 _a2ª ed.
260 _aLa Plata
_bFundación Museo de La Plata Francisco Pascasio Moreno
_c2003
300 0 _a215 p.
_bil., láms.
610 2 4 _aMuseo de La Plata "Fransisco Pascasio Moreno"
650 4 _aEXPLORACION GEOGRAFICA
650 4 _aANTROPOLOGIA
650 4 _aPALEONTOLOGIA
650 4 _aBIOGRAFIAS
651 4 _aArgentina
651 4 _aPerito Moreno
653 0 _aVIAJEROS
653 0 _aLIMITES
655 _aBIOGRAFIAS
710 1 _aMoreno, Francisco Pascacio
942 _cBK
998 _ccalidad
999 _c18
_d18